[Event "SUI-ch int (Women)"]
[Site "Luzern"]
[Date "1994.07.22"]
[Round "9"]
[White "Stolz, Claudia"]
[Black "Roesi, Thomi"]
[Result "1-0"]
[WhiteElo "1830"]
[BlackElo "1645"]
[PlyCount "57"]
[EventDate "1994.07.14"]
[EventType "tourn"]
[EventRounds "9"]
[EventCountry "SUI"]
[SourceTitle "EXT 1999"]
[Source "ChessBase"]
[SourceDate "1998.11.16"]
[SourceVersion "1"]
[SourceVersionDate "1998.11.16"]
[SourceQuality "1"]

1. d4 Nf6 2. Nf3 d5 3. Bg5 e6 4. e3 Nbd7 5. Bd3 h6 6. Bh4 Bd6 7. Nbd2 0-0 8. e4 dxe4 9. Nxe4 Be7 10. Nxf6+ Nxf6 11. 0-0 Nd5 12. Bxe7 Qxe7 13. c4 Nf6 14. Re1 c6 15. Qb3 a5 16. a3 a4 17. Qc3 Qc7 18. Rad1 Ra5 19. Re5 Rxe5 20. Nxe5 c5 21. dxc5 Qxc5 22. Bc2 b6 23. Bxa4 Ne4 24. Qd4 Qxd4 25. Rxd4 Nc5 26. Bb5 f6 27. Ng6 Rf7 28. Rd8+ Kh7 29. Nf8+ 1-0

[Event "SUI-ch int (Women)"]
[Site "Luzern"]
[Date "1994.07.20"]
[Round "7"]
[White "Roesi, Thomi"]
[Black "Schmid, Shahanah"]
[Result "1/2-1/2"]
[WhiteElo "1645"]
[BlackElo "1850"]
[PlyCount "82"]
[EventDate "1994.07.14"]
[EventType "tourn"]
[EventRounds "9"]
[EventCountry "SUI"]
[SourceTitle "EXT 1999"]
[Source "ChessBase"]
[SourceDate "1998.11.16"]
[SourceVersion "1"]
[SourceVersionDate "1998.11.16"]
[SourceQuality "1"]

1. d4 Nf6 2. Nf3 g6 3. c4 d6 4. Nc3 Bg7 5. e4 0-0 6. Be2 e5 7. Be3 Nc6 8. dxe5 Nxe5 9. Nxe5 dxe5 10. 0-0 c6 11. Qc2 Be6 12. f3 Qe7 13. Na4 Nd7 14. c5 f5 15. Bc4 Nf6 16. Bxe6+ Qxe6 17. Nc3 f4 18. Bf2 g5 19. Rfd1 Rfd8 20. Rxd8+ Rxd8 21. Rd1 Rxd1+ 22. Qxd1 Nd7 23. b3 Bf8 24. Na4 Be7 25. Kf1 Nf8 26. Ke2 g4 27. Kf1 h5 28. Qd3 Nd7 29. Qd1 Kf7 30. Qd3 Bd8 31. Nb2 b5 32. cxb6 axb6 33. Nc4 Bc7 34. Nd2 b5 35. a4 bxa4 36. bxa4 Bb6 37. Bxb6 Nxb6 38. a5 Nc8 39. Qd8 Ne7 40. Qd3 Nc8 41. a6 Na7 1/2-1/2

[Event "SUI-ch int (Women)"]
[Site "Luzern"]
[Date "1994.07.16"]
[Round "3"]
[White "Roesi, Thomi"]
[Black "Bieri, Carmen"]
[Result "1-0"]
[WhiteElo "1645"]
[BlackElo "1605"]
[PlyCount "63"]
[EventDate "1994.07.14"]
[EventType "tourn"]
[EventRounds "9"]
[EventCountry "SUI"]
[SourceTitle "EXT 1999"]
[Source "ChessBase"]
[SourceDate "1998.11.16"]
[SourceVersion "1"]
[SourceVersionDate "1998.11.16"]
[SourceQuality "1"]

1. d4 d5 2. Nf3 c5 3. e3 Bg4 4. c3 Nc6 5. Nbd2 e5 6. dxe5 Nxe5 7. h3 Nxf3+ 8. Nxf3 Bf5 9. Bb5+ Bd7 10. Bd3 Nf6 11. 0-0 Bd6 12. Re1 0-0 13. Qc2 g6 14. Nd2 Re8 15. e4 Re5 16. Nf3 Qe7 17. Nxe5 Qxe5 18. f4 Qe7 19. e5 Nh5 20. Be3 Bc7 21. Qf2 Bb6 22. Rad1 d4 23. cxd4 cxd4 24. Bxd4 Bxd4 25. Qxd4 Rd8 26. Be2 Ng3 27. Bg4 Nf5 28. Bxf5 gxf5 29. Qxa7 Qb4 30. Qd4 Qe7 31. a3 Kf8 32. e6 1-0